000 00653nab a2200193 4500
001 244442
003 OSt
005 20241008125008.0
007 tu
008 200917s2020|||||||
040 _aDE-2950
_cDE-2950
245 0 0 _aJunge Mode und ein Intershop
_bGeschichte. Vor 50 Jahren öffnete das Bekleidungshaus Jugendmode in der Dresdner Straße. 2006 wurde es abgerissen. Bald eröffnet am Standort ein Hotel/
_cJörg Kotterba
264 _c2024
653 _aFrankfurt (Oder)
653 _aDresdner Straße
653 _aJugendmode
773 0 _g35. Jahrgang (2024) Nr. 232 vom 04.10.2024, S. 15 mit Foto
_tMärkische Oderzeitung
942 _2z
_cA
999 _c373398
_d373398